| 000 | 00692nam a2200205 a 4500 | ||
|---|---|---|---|
| 999 |
_c2373 _d2373 |
||
| 001 | 2373 | ||
| 003 | BD-JhCC | ||
| 005 | 20171101174706.0 | ||
| 008 | 171101s2009 bg ||||| |||| 00| 0 ben d | ||
| 035 | _a(BD-JhCC)2373 | ||
| 040 |
_aBD-JhCC _dBD-JhCC |
||
| 041 | _aben | ||
| 082 |
_a891.4409 _bKAM 2009 |
||
| 100 | _aকামাল, আহমাদ মোস্তফা | ||
| 245 |
_aসংশয়ীদের ঈশ্বর / _cআহমাদ মোস্তফা কামাল |
||
| 260 |
_aঢাকা : _bঅ্যাডর্ন পাবলিকেশন ; _c২০০৯ |
||
| 300 |
_a৯৬ পৃ. ; _c২২ সেমি |
||
| 650 | _aBengali Literature | ||
| 942 |
_2ddc _cBK |
||